000 00673nam a2200289Ia 4500
005 20250425160741.0
008 250425s9999 xx 000 0 und d
020 _a8448117697
041 _aspa
082 _a515.15
100 _aLARSON, RONALD E.
245 0 _aCALCULO Y GEOMETRIA ANALITICA (VOL.2)
250 _a5A ED.
260 _aEspaƱa
_bMCGRAW HILL
_c1995
260 _aMADRID
300 _a1351
650 _aCALCULO
650 _aCALCULO
650 _aDERIVADAS
650 _aDERIVADAS
650 _aGEOMETRIA ANALITICA
650 _aGEOMETRIA ANALITICA
650 _aINTEGRALES
650 _aINTEGRALES
942 _c01
010 _a4395
999 _c195421
_d195421